005620000a2200157000450024501660000065000160016665000210018265000240020365000280022765100210025504100140027670000200029070000210031010000160033177300570034710aProducción, descomposición, flujo de materia orgánica y diversidad en una sabana de banco del módulo experimental de mantecal ()14aFenología14aDescomposición14aCiclo de nutrientes14aDisturbios antrópicos 4dApurepVenezuela0 aEspañol1 aMiranda, Rafael1 aPacheco, Jesús1 aBulla, Luis1 tActa Científica Venezolana3254h31q331-338d1980